000 00880nam a22001937a 4500
005 20240703105637.0
010 _aHIN-127903
020 _c899.00
_a9789357054171
035 _aHN-100249
037 _bDBAD
082 _a954
100 _aसिंह, उपिंदर
_968015
245 _aप्राचीन एवं पूर्व मध्यकालीन भारत का इतिहास:
_bपाषाण काल से 12वी शताब्दी तक/
_cउपिंदर सिंह
250 _aदिव्तीय
260 _aNoida
_bPearson India Education Services Pvt. Ltd.
_c2024
270 _a1st Floor, Berger Tower,, Plot No. C-001A/2, sector 16B
_bNoida
_e201301
_mcompanysecretary.india@pearson.com
300 _a808 पृ.
_c28 सेमी. (आजिल्द)
942 _2ddc
_cHN
_h954
_mउपिंद
999 _c203877
_d203877